[Event "Chess24 Banter QualG 2020"]
[Site "chess24.com INT"]
[Date "2020.09.15"]
[Round "1.1"]
[White "Sjugirov, Sanan"]
[Black "Ramirez, Alejandro"]
[Result "1-0"]
[WhiteTitle "GM"]
[BlackTitle "GM"]
[WhiteElo "2675"]
[BlackElo "2567"]
[WhiteFideId "4189302"]
[BlackFideId "6500617"]
[EventDate "2020.09.15"]

1. e4 e6 2. d4 d5 3. Nd2 c5 4. exd5 Qxd5 5. Ngf3 cxd4 6. Bc4 Qd7 7. O-O Nc6 8.
Nb3 a6 9. Nbxd4 Nxd4 10. Nxd4 Qc7 11. Bd3 Bd6 12. h3 Nf6 13. Re1 O-O 14. Bg5
Bh2+ 15. Kh1 Be5 16. c3 h6 17. Bd2 b5 18. Nf3 Bd6 19. a4 bxa4 20. Rxa4 Bb7 21.
Qe2 Qc6 22. Rea1 Rfd8 23. Bxa6 Ne4 24. Be3 Bc7 25. Bb5 Qd6 26. Rxa8 Bxa8 27. Kg1
Ng5 28. Bxg5 hxg5 29. Kf1 Qf4 30. Qc4 Be4 31. Re1 Bd3+ 32. Qxd3 Rxd3 33. Bxd3
Bb6 34. Rd1 f5 35. Be2 g4 36. hxg4 fxg4 37. Nd4 e5 38. g3 Qf6 39. Bc4+ Kh8 40.
Kg2 g6 41. Rh1+ Kg7 42. Ne6+ Kf7 43. Rh7+ Ke8 44. Bb5# 1-0

[Event "Chess24 Banter QualG 2020"]
[Site "chess24.com INT"]
[Date "2020.09.15"]
[Round "1.2"]
[White "Ramirez, Alejandro"]
[Black "Sjugirov, Sanan"]
[Result "1/2-1/2"]
[WhiteTitle "GM"]
[BlackTitle "GM"]
[WhiteElo "2567"]
[BlackElo "2675"]
[WhiteFideId "6500617"]
[BlackFideId "4189302"]
[EventDate "2020.09.15"]

1. d4 Nf6 2. c4 e6 3. Nc3 Bb4 4. Bd2 O-O 5. Nf3 b6 6. e3 c5 7. a3 Bxc3 8. Bxc3
Ne4 9. Rc1 Bb7 10. Bd3 Nxc3 11. Rxc3 cxd4 12. Nxd4 Nc6 13. Be4 a6 14. Nxc6 Bxc6
15. Bxc6 dxc6 16. Rd3 Qf6 17. Qb3 b5 18. cxb5 cxb5 19. O-O Rfd8 20. Rfd1 Rxd3
21. Rxd3 Rc8 22. g3 g6 23. Kg2 Qe5 24. Rd4 Qc5 25. Qd3 Qc6+ 26. e4 Kg7 27. Rd6
Qa8 28. Qd4+ Kg8 29. h4 h5 30. g4 hxg4 31. h5 gxh5 32. Qe5 Qb7 33. Kh2 Kf8 34.
Rd4 Ke8 35. Qxh5 Qc7+ 36. Kg2 Qc5 37. Qh8+ Ke7 38. Qh4+ Ke8 39. Qh8+ Ke7 40.
Qh4+ Ke8 41. Qh8+ 1/2-1/2

[Event "Chess24 Banter QualG 2020"]
[Site "chess24.com INT"]
[Date "2020.09.15"]
[Round "1.3"]
[White "Sjugirov, Sanan"]
[Black "Ramirez, Alejandro"]
[Result "1-0"]
[WhiteTitle "GM"]
[BlackTitle "GM"]
[WhiteElo "2675"]
[BlackElo "2567"]
[WhiteFideId "4189302"]
[BlackFideId "6500617"]
[EventDate "2020.09.15"]

1. e4 e6 2. d4 d5 3. e5 c5 4. c3 Nc6 5. Nf3 Bd7 6. Be2 Rc8 7. O-O cxd4 8. cxd4
Nge7 9. Nc3 Nf5 10. Kh1 Be7 11. g4 Nh4 12. Nxh4 Bxh4 13. Be3 O-O 14. f4 f6 15.
exf6 Bxf6 16. Qd2 Be8 17. g5 Be7 18. Bg4 Qd6 19. f5 Bd7 20. Nb5 Qb4 21. fxe6
Rxf1+ 22. Rxf1 Qxb5 23. Be2 Qb6 24. exd7 Rd8 25. Bg4 Nb8 26. Qf2 Rf8 27. Qg2 Qd6
28. Rxf8+ Kxf8 29. Qf3+ Kg8 30. Bf4 1-0

[Event "Chess24 Banter QualG 2020"]
[Site "chess24.com INT"]
[Date "2020.09.15"]
[Round "1.4"]
[White "Ramirez, Alejandro"]
[Black "Sjugirov, Sanan"]
[Result "0-1"]
[WhiteTitle "GM"]
[BlackTitle "GM"]
[WhiteElo "2567"]
[BlackElo "2675"]
[WhiteFideId "6500617"]
[BlackFideId "4189302"]
[EventDate "2020.09.15"]

1. e4 c5 2. Nf3 Nc6 3. d4 cxd4 4. Nxd4 Nf6 5. Nc3 e5 6. Ndb5 d6 7. Bg5 a6 8. Na3
b5 9. Bxf6 gxf6 10. Nd5 f5 11. Bd3 Be6 12. O-O Bxd5 13. exd5 Ne7 14. Re1 Bg7 15.
c3 O-O 16. Nc2 f4 17. a4 bxa4 18. Rxa4 a5 19. Na3 f5 20. Bf1 e4 21. f3 Qb6+ 22.
Kh1 Qxb2 23. fxe4 Qxc3 24. Nb5 Qc5 25. Bd3 Rae8 26. exf5 Nxf5 27. Rxe8 Rxe8 28.
Bxf5 Qxb5 29. Be6+ Kh8 30. Rxf4 Qb2 31. Rf1 Rf8 32. Rxf8+ Bxf8 33. Qf1 Bg7 34.
g3 Qa1 35. Qxa1 Bxa1 36. Bd7 Kg7 37. Kg2 Kf6 38. Kf3 Ke5 39. Bc6 Kd4 40. g4 h6
41. h4 Kc4 42. g5 hxg5 43. hxg5 Kb4 44. Ke4 a4 45. Bxa4 Kxa4 46. Kf5 Kb5 47. Ke6
Kc5 48. g6 Bb2 0-1

[Event "Chess24 Banter QualG 2020"]
[Site "chess24.com INT"]
[Date "2020.09.15"]
[Round "1.5"]
[White "Sjugirov, Sanan"]
[Black "Ramirez, Alejandro"]
[Result "0-1"]
[WhiteTitle "GM"]
[BlackTitle "GM"]
[WhiteElo "2675"]
[BlackElo "2567"]
[WhiteFideId "4189302"]
[BlackFideId "6500617"]
[EventDate "2020.09.15"]

1. d4 Nf6 2. Nf3 c5 3. d5 b5 4. Bg5 Ne4 5. Bh4 Bb7 6. e3 Qa5+ 7. c3 b4 8. c4 e6
9. dxe6 fxe6 10. Bd3 Be7 11. Bxe7 Kxe7 12. O-O Rf8 13. Nbd2 Nf6 14. a3 bxa3 15.
Rxa3 Qc7 16. h3 Nc6 17. Ne4 Nb4 18. Nxf6 Rxf6 19. Be2 Qb6 20. Qb1 g6 21. e4 Rf4
22. Re3 Nc6 23. Qc1 Raf8 24. g3 R4f6 25. e5 Rf5 26. Nh4 R5f7 27. f4 g5 28. Ng2
Nd4 29. Bh5 Bxg2 30. Kxg2 gxf4 31. Re4 Qb7 0-1

[Event "Chess24 Banter QualG 2020"]
[Site "chess24.com INT"]
[Date "2020.09.15"]
[Round "1.6"]
[White "Ramirez, Alejandro"]
[Black "Sjugirov, Sanan"]
[Result "1/2-1/2"]
[WhiteTitle "GM"]
[BlackTitle "GM"]
[WhiteElo "2567"]
[BlackElo "2675"]
[WhiteFideId "6500617"]
[BlackFideId "4189302"]
[EventDate "2020.09.15"]

1. e4 c6 2. Nf3 d5 3. exd5 cxd5 4. d4 e6 5. Ne5 Nf6 6. Bd3 Nc6 7. f4 Nxd4 8. O-O
Nc6 9. Nd2 Be7 10. Ndf3 O-O 11. c3 Bd7 12. Qe2 Rc8 13. Kh1 Nxe5 14. fxe5 Ne4 15.
Bxe4 dxe4 16. Qxe4 Bc6 17. Qg4 Qd3 18. Bf4 Rcd8 19. Nd4 Bd5 20. Rad1 Qg6 21. Qh3
Bc5 22. b3 a6 23. Rfe1 Be4 24. Be3 b5 25. b4 Be7 26. Bf4 Rc8 27. Re3 Bf5 28.
Nxf5 Qxf5 29. Qxf5 exf5 30. Red3 Rc4 31. Be3 Rfc8 32. Bd4 h5 33. Kg1 h4 34. Kf2
Kh7 35. h3 Kg6 36. Ke2 Ra8 37. Be3 a5 38. a3 axb4 39. axb4 Ra3 40. Bd2 Ra2 41.
Rd7 Bg5 42. Kd3 Bxd2 43. Rxd2 Ra3 44. Rc2 Rxb4 45. Rd6+ Kg5 46. Rd7 Kg6 47. Rd6+
f6 48. exf6 gxf6 49. Rd4 Rxd4+ 50. Kxd4 Kg5 51. Rb2 Ra5 52. Rf2 Ra4+ 53. Kd3 Re4
54. Rb2 Re5 55. Rf2 Rd5+ 56. Ke3 Rc5 57. Kd4 Rc4+ 58. Kd3 Rf4 59. Rb2 Rf1 60.
Rxb5 Rf2 61. c4 Rxg2 62. c5 Rg1 63. Rb4 Rd1+ 64. Kc2 Rd7 65. Rc4 Rc7 66. Kd3 f4
67. Ke4 f3 68. Kxf3 Kf5 69. c6 Ke5 70. Kg4 Kd5 71. Rc1 Rxc6 72. Rxc6 Kxc6 73.
Kxh4 Kd6 74. Kh5 Ke7 75. Kg6 Kf8 76. Kxf6 Kg8 77. h4 Kh8 78. h5 Kg8 79. h6 Kh8
80. h7 Kxh7 1/2-1/2

[Event "Chess24 Banter QualG 2020"]
[Site "chess24.com INT"]
[Date "2020.09.15"]
[Round "1.1"]
[White "Tabatabaei, M.amin"]
[Black "Gozzoli, Yannick"]
[Result "1/2-1/2"]
[WhiteTitle "GM"]
[BlackTitle "GM"]
[WhiteElo "2629"]
[BlackElo "2600"]
[WhiteFideId "12521213"]
[BlackFideId "616915"]
[EventDate "2020.09.15"]

1. Nf3 d5 2. d4 Bf5 3. c4 e6 4. Nc3 Nf6 5. Bg5 Bb4 6. Qa4+ Nc6 7. e3 O-O 8. cxd5
Qxd5 9. Bxf6 gxf6 10. a3 Bxc3+ 11. bxc3 Kh8 12. Qc4 Qxc4 13. Bxc4 Na5 14. Be2 c5
15. Ra2 Rac8 16. O-O cxd4 17. cxd4 Rc3 18. a4 Rfc8 19. h3 Be4 20. Rb2 Rc2 21.
Rxc2 Rxc2 22. Re1 Ra2 23. Bb5 a6 24. Bd7 Kg7 25. Rc1 Nc6 26. Ne1 Rxa4 27. f3 Bd5
28. e4 Bb3 29. Bxc6 bxc6 30. Rxc6 Rxd4 31. Rxa6 Rd1 32. Kf2 Bc4 33. Ra4 Rd2+ 34.
Kg3 Bf1 35. Ra1 h5 36. h4 Kg6 37. Kh2 f5 38. exf5+ Kxf5 39. Kg1 Bc4 40. Rc1 Bd5
41. Rc2 Rd1 42. Kf2 Ra1 43. g3 Kg6 44. Ng2 e5 45. Ne3 Be6 1/2-1/2

[Event "Chess24 Banter QualG 2020"]
[Site "chess24.com INT"]
[Date "2020.09.15"]
[Round "1.2"]
[White "Gozzoli, Yannick"]
[Black "Tabatabaei, M.amin"]
[Result "1-0"]
[WhiteTitle "GM"]
[BlackTitle "GM"]
[WhiteElo "2600"]
[BlackElo "2629"]
[WhiteFideId "616915"]
[BlackFideId "12521213"]
[EventDate "2020.09.15"]

1. d4 Nf6 2. c4 g6 3. Nc3 d5 4. cxd5 Nxd5 5. e4 Nxc3 6. bxc3 Bg7 7. Bc4 c5 8.
Ne2 Nc6 9. Be3 O-O 10. O-O b6 11. Qd2 Bb7 12. Rfd1 Qc7 13. Rac1 Rfd8 14. Bf4 e5
15. Bg5 Rd7 16. d5 Na5 17. Bb5 Rd6 18. c4 f6 19. Be3 Bc8 20. Qd3 Qf7 21. f4 exf4
22. Bxf4 Rd8 23. Qg3 h5 24. h3 h4 25. Qf3 Bd7 26. Nc3 Re8 27. Kh1 Rad8 28. Re1
Bf8 29. Bh2 Bxb5 30. Nxb5 Rd7 31. Qd3 a6 32. Nc3 Bd6 33. Bxd6 Rxd6 34. e5 Rxe5
35. Rxe5 fxe5 36. Ne4 Rd8 37. Rf1 Qe7 38. Rf6 Kg7 39. Rxb6 Rf8 40. Rxa6 Nb7 41.
Nxc5 Qg5 42. Ne6+ 1-0

[Event "Chess24 Banter QualG 2020"]
[Site "chess24.com INT"]
[Date "2020.09.15"]
[Round "1.3"]
[White "Tabatabaei, M.amin"]
[Black "Gozzoli, Yannick"]
[Result "1-0"]
[WhiteTitle "GM"]
[BlackTitle "GM"]
[WhiteElo "2629"]
[BlackElo "2600"]
[WhiteFideId "12521213"]
[BlackFideId "616915"]
[EventDate "2020.09.15"]

1. e4 e5 2. Nf3 Nc6 3. Bc4 Nf6 4. d3 Bc5 5. c3 d6 6. O-O O-O 7. h3 h6 8. Re1 Ne7
9. Nbd2 Ng6 10. Nf1 c6 11. Bb3 Bb6 12. Ng3 Re8 13. d4 Be6 14. Bc2 Qd7 15. Be3
Rad8 16. a4 exd4 17. Nxd4 Bxh3 18. gxh3 Qxh3 19. Qf3 Ng4 20. Qg2 Qxg2+ 21. Kxg2
Nxe3+ 22. Rxe3 Ne5 23. a5 Bc7 24. Bb3 a6 25. f4 Nd7 26. Kf3 g6 27. Re2 Kg7 28.
Rg1 Rh8 29. Ngf5+ Kf8 30. Rxg6 c5 31. Ne6+ fxe6 32. Bxe6 1-0

[Event "Chess24 Banter QualG 2020"]
[Site "chess24.com INT"]
[Date "2020.09.15"]
[Round "1.4"]
[White "Gozzoli, Yannick"]
[Black "Tabatabaei, M.amin"]
[Result "1-0"]
[WhiteTitle "GM"]
[BlackTitle "GM"]
[WhiteElo "2600"]
[BlackElo "2629"]
[WhiteFideId "616915"]
[BlackFideId "12521213"]
[EventDate "2020.09.15"]

1. d4 d5 2. c4 e6 3. Nf3 Nf6 4. g3 Bb4+ 5. Bd2 Be7 6. Bg2 O-O 7. O-O c6 8. Qc2
Nbd7 9. a4 Ne4 10. a5 Nxd2 11. Nbxd2 Rb8 12. e4 Nf6 13. Rfd1 Bb4 14. Qa4 Be7 15.
Ne5 a6 16. b4 Qc7 17. f4 Rd8 18. Rac1 Bf8 19. Qb3 Qe7 20. Rb1 g6 21. Qe3 h5 22.
h3 Ne8 23. g4 hxg4 24. hxg4 Bg7 25. g5 Nd6 26. c5 Nb5 27. Kf2 Kf8 28. Rh1 dxe4
29. Nb3 Bd7 30. Rh7 Be8 31. Qh3 f6 32. Rh8+ 1-0

[Event "Chess24 Banter QualG 2020"]
[Site "chess24.com INT"]
[Date "2020.09.15"]
[Round "1.5"]
[White "Tabatabaei, M.amin"]
[Black "Gozzoli, Yannick"]
[Result "0-1"]
[WhiteTitle "GM"]
[BlackTitle "GM"]
[WhiteElo "2629"]
[BlackElo "2600"]
[WhiteFideId "12521213"]
[BlackFideId "616915"]
[EventDate "2020.09.15"]

1. e4 e5 2. Nf3 Nc6 3. Bc4 Bc5 4. O-O Nf6 5. d3 d6 6. c3 a6 7. a4 Ba7 8. Re1 O-O
9. h3 Be6 10. Nbd2 Re8 11. b4 Qd7 12. Bb2 h6 13. Bxe6 Rxe6 14. Nf1 Rae8 15. b5
Ne7 16. c4 Ng6 17. Ng3 c6 18. d4 exd4 19. Bxd4 Bb8 20. bxa6 bxa6 21. Qc2 d5 22.
Bxf6 Rxf6 23. Nh5 Rfe6 24. exd5 Rxe1+ 25. Rxe1 Rxe1+ 26. Nxe1 cxd5 27. cxd5 Qxd5
28. Qc8+ Nf8 29. Qxb8 Qxh5 30. Qb4 Qe2 31. Nf3 Ne6 32. a5 g6 33. h4 Qd1+ 34. Kh2
Qd5 35. Qc3 Nc5 36. Ne5 Ne4 37. Qb2 Nxf2 38. Nxg6 Qd6+ 39. Kg1 Nh3+ 40. Kh1 Qxg6
41. Qb8+ Kh7 42. gxh3 Qe4+ 43. Kh2 Qxh4 44. Qb1+ Kg7 45. Qb2+ Qf6 46. Qg2+ Qg6
47. Qb2+ Kh7 48. Qb6 h5 49. Qc7 Qf5 50. Qb6 Qf4+ 51. Kg2 h4 52. Qxa6 Qg3+ 53.
Kh1 Qxh3+ 54. Kg1 Qg3+ 55. Kh1 h3 56. Qa7 Qg2# 0-1

[Event "Chess24 Banter QualG 2020"]
[Site "chess24.com INT"]
[Date "2020.09.15"]
[Round "1.6"]
[White "Gozzoli, Yannick"]
[Black "Tabatabaei, M.amin"]
[Result "1-0"]
[WhiteTitle "GM"]
[BlackTitle "GM"]
[WhiteElo "2600"]
[BlackElo "2629"]
[WhiteFideId "616915"]
[BlackFideId "12521213"]
[EventDate "2020.09.15"]

1. d4 Nf6 2. c4 e6 3. Nf3 c5 4. d5 exd5 5. cxd5 d6 6. Nc3 g6 7. e4 a6 8. Bf4 b5
9. Qe2 Nh5 10. Bg5 Be7 11. Bh6 Bf8 12. Bxf8 Kxf8 13. Qe3 Bg4 14. Qh6+ Kg8 15.
Nd2 Qf6 16. f3 Bc8 17. a4 b4 18. Nd1 Nd7 19. a5 Ne5 20. Ne3 Bd7 21. Nec4 Bb5 22.
O-O-O Bxc4 23. Nxc4 Nxc4 24. Bxc4 Qd8 25. e5 dxe5 26. d6 Qd7 27. Rhe1 Re8 28. g3
Ng7 29. Qg5 Nf5 30. Qf6 Nd4 31. Rxe5 Rxe5 32. Qxe5 Qf5 33. Qxf5 gxf5 34. Re1 Kg7
35. Re7 Rd8 36. Rxf7+ Kg6 37. d7 Nxf3 38. Re7 Kf6 39. Rxh7 Ne5 40. Bxa6 Kg6 41.
Re7 Kf6 42. Re8 Rxd7 43. Bc8 Ra7 44. a6 Nf7 45. Re6+ Kg5 46. Rc6 Kg4 47. Rxc5
Nd6 48. Kc2 Nxc8 49. Rxc8 Rxa6 50. Rc4+ Kh3 51. Rh4+ Kg2 52. Kb3 Rb6 53. Rh5 Rb5
54. g4 Rb8 55. Rxf5 Kxh2 56. Rf4 Kg3 57. Rxb4 Rd8 58. Rc4 Rb8+ 59. Kc3 Kh4 60.
b4 Kg5 61. Kb3 Kf6 62. Ka4 Ke5 63. b5 Kd6 64. Ka5 Kd5 65. Rc1 Rg8 66. b6 1-0

[Event "Chess24 Banter QualG 2020"]
[Site "chess24.com INT"]
[Date "2020.09.15"]
[Round "1.1"]
[White "Jones, Gawain C B"]
[Black "Thybo, Jesper Sondergaard"]
[Result "1-0"]
[WhiteTitle "GM"]
[BlackTitle "GM"]
[WhiteElo "2670"]
[BlackElo "2577"]
[WhiteFideId "409561"]
[BlackFideId "1438832"]
[EventDate "2020.09.15"]

1. c4 Nf6 2. g3 e6 3. Bg2 d5 4. Nf3 dxc4 5. Qa4+ c6 6. Qxc4 b5 7. Qb3 a6 8. Ne5
Bb7 9. O-O Qd6 10. d4 Qxd4 11. Bf4 Qb4 12. Qc2 Qc5 13. Qb3 Qb4 14. Qc2 Qc5 15.
Qd3 Nd5 16. Nc3 Nxc3 17. Rac1 Qd4 18. Rxc3 Qxd3 19. Nxd3 Be7 20. Rfc1 O-O 21.
Bxb8 Raxb8 22. Bxc6 Bf6 23. R3c2 g6 24. b4 Rfd8 25. Bxb7 Rxb7 26. Rc8 Rxc8 27.
Rxc8+ Kg7 28. f4 a5 29. a3 axb4 30. axb4 h6 31. Kg2 g5 32. Kf3 h5 33. fxg5 Bxg5
34. Rc5 Kh6 35. h4 Be7 36. Rc6 Rd7 37. Rb6 Rd5 38. Rb7 Rf5+ 39. Kg2 Bd6 40. e4 1-0

[Event "Chess24 Banter QualG 2020"]
[Site "chess24.com INT"]
[Date "2020.09.15"]
[Round "1.2"]
[White "Thybo, Jesper Sondergaard"]
[Black "Jones, Gawain C B"]
[Result "0-1"]
[WhiteTitle "GM"]
[BlackTitle "GM"]
[WhiteElo "2577"]
[BlackElo "2670"]
[WhiteFideId "1438832"]
[BlackFideId "409561"]
[EventDate "2020.09.15"]

1. d4 Nf6 2. c4 g6 3. Nc3 Bg7 4. e4 d6 5. Nf3 O-O 6. Be2 e5 7. O-O exd4 8. Nxd4
Re8 9. f3 c6 10. Kh1 Nbd7 11. Nb3 a5 12. Qxd6 a4 13. Nd2 Qa5 14. Qg3 a3 15. Nb3
Qb4 16. Qe1 Nh5 17. Rb1 Nb6 18. Bd2 Nxc4 19. Nd5 Qd6 20. Bb4 Qb8 21. Ne7+ Rxe7
22. Bxe7 Nxb2 23. Qd2 Be6 24. f4 Qe8 25. Bxa3 Rxa3 26. Rxb2 Bxb2 27. Qxb2 Qa8
28. Bxh5 Rxa2 29. Qc3 Bxb3 30. Bxg6 hxg6 31. Qxb3 b5 32. h3 Ra1 33. Rxa1 Qxa1+
34. Kh2 Qd4 35. Qc2 c5 36. Kg3 c4 37. Qa2 Kg7 38. e5 b4 39. Qa6 b3 40. Qf6+ Kg8
41. f5 Qd3+ 42. Kh2 Qxf5 43. Qd8+ Kh7 44. Qh4+ Kg7 45. Qxc4 Qxe5+ 46. g3 b2 47.
Qb4 Qe2+ 0-1

[Event "Chess24 Banter QualG 2020"]
[Site "chess24.com INT"]
[Date "2020.09.15"]
[Round "1.3"]
[White "Jones, Gawain C B"]
[Black "Thybo, Jesper Sondergaard"]
[Result "1/2-1/2"]
[WhiteTitle "GM"]
[BlackTitle "GM"]
[WhiteElo "2670"]
[BlackElo "2577"]
[WhiteFideId "409561"]
[BlackFideId "1438832"]
[EventDate "2020.09.15"]

1. c4 Nf6 2. g3 c6 3. Bg2 d5 4. Nf3 dxc4 5. O-O Nbd7 6. a4 a5 7. Qc2 Nb6 8. Na3
Qd5 9. Nh4 Qd4 10. Nf3 Qd5 11. Nh4 Qd4 12. Nf3 1/2-1/2

[Event "Chess24 Banter QualG 2020"]
[Site "chess24.com INT"]
[Date "2020.09.15"]
[Round "1.4"]
[White "Thybo, Jesper Sondergaard"]
[Black "Jones, Gawain C B"]
[Result "1-0"]
[WhiteTitle "GM"]
[BlackTitle "GM"]
[WhiteElo "2577"]
[BlackElo "2670"]
[WhiteFideId "1438832"]
[BlackFideId "409561"]
[EventDate "2020.09.15"]

1. d4 Nf6 2. c4 g6 3. Nc3 Bg7 4. e4 d6 5. Nf3 O-O 6. Be2 e5 7. O-O exd4 8. Nxd4
Re8 9. f3 c6 10. Nc2 Na6 11. Kh1 Be6 12. Bf4 d5 13. cxd5 cxd5 14. Bb5 Rf8 15.
Bg5 Nc7 16. e5 Nxb5 17. Nxb5 Bd7 18. Nbd4 Re8 19. Bxf6 Bxf6 20. exf6 Qxf6 21.
Qd2 h5 22. Rae1 h4 23. h3 Kg7 24. Rxe8 Rxe8 25. Ne3 Qe5 26. Ng4 Bxg4 27. fxg4
Qe3 28. Qxe3 Rxe3 29. Rd1 Kf6 30. Kg1 g5 31. Kf2 Re8 32. Nf3 Rd8 33. Rd4 Kg6 34.
Ra4 a6 35. Rb4 b5 36. a4 bxa4 37. Rxa4 Rd6 38. Nd4 Rb6 39. b4 Kf6 40. Nb3 Ke5
41. Ke3 f6 42. Nc5 d4+ 43. Kd3 Kf4 44. Kxd4 Rd6+ 45. Kc4 Rd2 46. Rxa6 Rxg2 47.
b5 f5 48. gxf5 g4 49. hxg4 Rxg4 50. b6 h3 51. b7 h2 52. b8=Q+ Ke3+ 53. Kc3 h1=Q
54. Qe5+ Kf2 55. Ra2+ Kf3 56. Qd5+ 1-0

[Event "Chess24 Banter QualG 2020"]
[Site "chess24.com INT"]
[Date "2020.09.15"]
[Round "1.5"]
[White "Jones, Gawain C B"]
[Black "Thybo, Jesper Sondergaard"]
[Result "1/2-1/2"]
[WhiteTitle "GM"]
[BlackTitle "GM"]
[WhiteElo "2670"]
[BlackElo "2577"]
[WhiteFideId "409561"]
[BlackFideId "1438832"]
[EventDate "2020.09.15"]

1. Nf3 d5 2. g3 Nf6 3. Bg2 c5 4. c4 Nc6 5. cxd5 Nxd5 6. Nc3 Nxc3 7. dxc3 Qxd1+
8. Kxd1 e5 9. Be3 f6 10. Nd2 Be6 11. Kc2 Rc8 12. Rhd1 Nd4+ 13. Kb1 Nc6 14. a4
Na5 15. Kc2 Be7 16. b3 Kf7 17. Nc4 Nxc4 18. bxc4 Bxc4 19. Bxb7 Rc7 20. Bd5+ Bxd5
21. Rxd5 Rb8 22. Rb1 Rxb1 23. Kxb1 Ke6 24. c4 Rb7+ 25. Kc2 Rb4 26. Kc3 Rxa4 27.
Bxc5 Bxc5 28. Rxc5 Kd6 29. Rc8 Ra2 30. Kd3 Ra3+ 31. Kd2 Ra2+ 32. Kd3 Ra3+ 33.
Kd2 Ra2+ 34. Kd3 1/2-1/2

[Event "Chess24 Banter QualG 2020"]
[Site "chess24.com INT"]
[Date "2020.09.15"]
[Round "1.6"]
[White "Thybo, Jesper Sondergaard"]
[Black "Jones, Gawain C B"]
[Result "1/2-1/2"]
[WhiteTitle "GM"]
[BlackTitle "GM"]
[WhiteElo "2577"]
[BlackElo "2670"]
[WhiteFideId "1438832"]
[BlackFideId "409561"]
[EventDate "2020.09.15"]

1. d4 Nf6 2. c4 g6 3. Nc3 Bg7 4. e4 d6 5. Nf3 O-O 6. Be2 e5 7. O-O exd4 8. Nxd4
Re8 9. f3 c6 10. Nc2 Na6 11. Kh1 Be6 12. Bf4 d5 13. cxd5 cxd5 14. Bb5 Rf8 15.
Bg5 h6 16. Bxf6 Qxf6 17. exd5 Bf5 18. Bd3 Bd7 19. Ne3 Qd4 20. Bxa6 bxa6 21. Qxd4
Bxd4 22. Nc2 Bf6 23. Nb4 Rab8 24. Nd3 Bf5 25. Ne4 Bg7 26. Rac1 Rfd8 27. g4 Rxd5
28. gxf5 Rxd3 29. fxg6 fxg6 30. b3 Rd7 31. Rfd1 Rf7 32. Kg2 Rb6 33. Rc8+ Kh7 34.
Rdc1 a5 35. R1c7 Rb7 36. Rc5 Rf5 37. Rxf5 gxf5 38. Nd6 Rd7 39. Nxf5 Rd2+ 40. Kg3
Bf6 41. Rc6 Kg6 42. Nxh6 Kxh6 43. Rxf6+ Kg5 44. Ra6 Rxa2 45. Rxa7 Ra3 46. h4+
Kg6 47. Kg4 Rxb3 48. Ra6+ Kg7 49. Rxa5 Kh6 50. Ra6+ Kg7 51. f4 Rb5 52. Rc6 Ra5
53. Rc3 Kf6 54. Rc6+ Kg7 55. f5 Ra1 56. Kh5 Rf1 57. Rg6+ Kf7 58. Rg5 Kf6 59. Kh6
Rxf5 60. Rg8 Kf7 61. Rg7+ Kf8 62. h5 Rxh5+ 63. Kxh5 Kxg7 1/2-1/2

[Event "Chess24 Banter QualG 2020"]
[Site "chess24.com INT"]
[Date "2020.09.15"]
[Round "1.7"]
[White "Jones, Gawain C B"]
[Black "Thybo, Jesper Sondergaard"]
[Result "1/2-1/2"]
[WhiteTitle "GM"]
[BlackTitle "GM"]
[WhiteElo "2670"]
[BlackElo "2577"]
[WhiteFideId "409561"]
[BlackFideId "1438832"]
[EventDate "2020.09.15"]

1. c4 Nf6 2. g3 c6 3. b3 d5 4. Nf3 dxc4 5. bxc4 e5 6. Bb2 e4 7. Nd4 Bc5 8. Nb3
Be7 9. Bg2 O-O 10. Nc3 Bf5 11. O-O Re8 12. Qc2 Bf8 13. Rad1 Nbd7 14. f3 exf3 15.
Qxf5 fxg2 16. Kxg2 Ne5 17. Rf4 Ng6 18. Rf2 Ne5 19. Rf4 Ng6 20. Rf2 h5 21. Rdf1
Qd7 22. Qxd7 Nxd7 23. Rxf7 Nge5 24. R7f2 Nxc4 25. Bc1 Nf6 26. h3 Rad8 27. d3
Ne3+ 28. Bxe3 Rxe3 29. Na5 Bb4 30. Nc4 Re7 31. Rc1 Rde8 32. e4 Rd8 33. e5 Bxc3
34. Rxc3 Nd5 35. Rb3 b5 36. Na5 Ne3+ 37. Kg1 Re6 38. d4 Nc4 39. Nxc4 bxc4 40.
Rb7 Rxd4 41. Rff7 Rg6 42. e6 Re4 43. Rb8+ Kh7 44. e7 Rge6 45. Rb7 Re1+ 46. Kf2
R1e2+ 47. Kf3 R2e3+ 48. Kf2 Re2+ 49. Kf3 R2e3+ 50. Kf2 Re2+ 1/2-1/2

[Event "Chess24 Banter QualG 2020"]
[Site "chess24.com INT"]
[Date "2020.09.15"]
[Round "1.8"]
[White "Thybo, Jesper Sondergaard"]
[Black "Jones, Gawain C B"]
[Result "0-1"]
[WhiteTitle "GM"]
[BlackTitle "GM"]
[WhiteElo "2577"]
[BlackElo "2670"]
[WhiteFideId "1438832"]
[BlackFideId "409561"]
[EventDate "2020.09.15"]

1. d4 Nf6 2. c4 g6 3. Nc3 Bg7 4. e4 d6 5. Nf3 O-O 6. Be2 e5 7. O-O Nbd7 8. Be3
Qe7 9. Qc2 c6 10. Rad1 h6 11. h3 exd4 12. Bxd4 Re8 13. Rfe1 Ne5 14. Qd2 Kh7 15.
Be3 Nxf3+ 16. Bxf3 Be6 17. b3 Red8 18. Bf4 Ne8 19. Nd5 Qf8 20. Nc3 Qe7 21. Qe3
Qh4 22. Bg3 Qg5 23. Bf4 Qh4 24. Rd3 Be5 25. Ne2 Ng7 26. Red1 a6 27. g3 Bxf4 28.
Qxf4 Qe7 29. h4 b5 30. cxb5 axb5 31. Nd4 Bd7 32. R3d2 Ne6 33. Nxe6 Bxe6 34. Kg2
h5 35. Rxd6 Rxd6 36. Rxd6 Rxa2 37. b4 Qa7 38. Bd1 c5 39. Rd8 Qe7 40. Qb8 Qf6 41.
Bf3 Bg4 42. Qf4 Bxf3+ 0-1

[Event "Chess24 Banter QualG 2020"]
[Site "chess24.com INT"]
[Date "2020.09.15"]
[Round "1.1"]
[White "Grandelius, Nils"]
[Black "Salgado Lopez, Ivan"]
[Result "1-0"]
[WhiteTitle "GM"]
[BlackTitle "GM"]
[WhiteElo "2662"]
[BlackElo "2584"]
[WhiteFideId "1710400"]
[BlackFideId "2257327"]
[EventDate "2020.09.15"]

1. Nf3 d6 2. d4 Nf6 3. Nc3 d5 4. Bf4 e6 5. Nb5 Na6 6. e3 Be7 7. Bd3 c6 8. Nc3
Nb4 9. Be2 a5 10. O-O O-O 11. Ne5 Nd7 12. a3 Na6 13. e4 Nxe5 14. Bxe5 Nb8 15.
Bg3 Nd7 16. Bf3 b6 17. Re1 Re8 18. exd5 exd5 19. Ne2 Nf6 20. Nf4 Bf5 21. Nd3 Ne4
22. Ne5 Rc8 23. Bg4 Bxg4 24. Qxg4 Bf6 25. Rad1 c5 26. c3 cxd4 27. cxd4 Rc2 28.
Re2 Qc8 29. Qf3 Rc1 30. Ree1 Rxd1 31. Qxd1 Nxg3 32. hxg3 Qf5 33. Nf3 Re4 34. Re2
g6 35. Rc2 Kg7 36. Rc6 Re6 37. Rxe6 Qxe6 38. Qb3 Qc6 39. g4 a4 40. Qd1 h6 41.
Qd2 Qc4 42. g3 b5 43. Kg2 Qb3 44. g5 hxg5 45. Nxg5 Qc4 46. Nf3 Qb3 47. g4 Qc4
48. g5 Be7 49. Qf4 Qc8 50. Qe5+ Kg8 51. Qf4 Qe6 52. Ne5 Bd6 53. Kf3 Qh3+ 54. Ke2
Qe6 55. Kd3 Kg7 56. Qe3 Qf5+ 57. Ke2 Qc2+ 58. Qd2 Qe4+ 59. Qe3 Qf5 60. Nd3 Qg4+
61. Kd2 Qf5 62. f4 Qg4 63. Ne5 Qg2+ 64. Qe2 Qxe2+ 65. Kxe2 b4 66. axb4 Bxb4 67.
Kd3 f6 68. gxf6+ Kxf6 69. Nd7+ Ke6 70. Nb6 Bd6 71. Nxa4 Bxf4 72. b4 Kd6 73. b5
g5 74. Nc5 g4 75. b6 Kc6 76. b7 Bd6 77. Ke3 Bxc5 78. b8=Q 1-0